Macroeconomics : (Record no. 99870)

MARC details
000 -LEADER
fixed length control field 01071nam a22002777a 4500
005 - DATE AND TIME OF LATEST TRANSACTION
control field 20230301122427.0
010 ## - LCCN (DPL NO)
LC control number 1617EN ENG-115087 ENG-136266
020 ## - INTERNATIONAL STANDARD BOOK NUMBER
International Standard Book Number 9339221842
Terms of availability 595.00
035 ## - SYSTEM CONTROL NUMBER
System control number B-653963-973
035 ## - SYSTEM CONTROL NUMBER
System control number EN-98619
035 ## - SYSTEM CONTROL NUMBER
System control number EN-119798
035 ## - SYSTEM CONTROL NUMBER
System control number B-665155
037 ## - SOURCE OF ACQUISITION
Source of stock number/acquisition ABC
037 ## - SOURCE OF ACQUISITION
Source of stock number/acquisition DBAD/PUB
082 ## - DEWEY DECIMAL CLASSIFICATION NUMBER
Classification number 339
100 ## - MAIN ENTRY--PERSONAL NAME
Personal name Dwivedi,D.N.
245 ## - TITLE STATEMENT
Title Macroeconomics :
Remainder of title theory and policy /
Statement of responsibility, etc by D.N. Dwivedi
250 ## - EDITION STATEMENT
Edition statement 4th ed
260 ## - PUBLICATION, DISTRIBUTION, ETC. (IMPRINT)
Place of publication, distribution, etc New Delhi
Name of publisher, distributor, etc McGraw Hill Education
Date of publication, distribution, etc 2015
270 ## - ADDRESS
Address P-24,Green Park Extension
City New Delhi
Postal code 110016
300 ## - PHYSICAL DESCRIPTION
Extent xix,724p. :
Other physical details ill.
Dimensions 24cm(pbk)
500 ## - GENERAL NOTE
General note Includes index
942 ## - ADDED ENTRY ELEMENTS (KOHA)
Source of classification or shelving scheme Dewey Decimal Classification
Item type English Books
Classification part 339
Call number suffix DWI
Holdings
Withdrawn status Lost status Not for loan Collection code Home library Current library Date acquired Source of acquisition Cost, normal purchase price Full call number Barcode Copy number Cost, replacement price Koha item type
      Non-fiction Ashok Vihar Ashok Vihar 11/05/2017 BPPD/EN/2016-17/AV/16-17/452/15.2.2017/5058/28.2.2017/ 7.3.2017 599.00 339 DWI B-665155 1 599.00 English Books
    Not For Loan Non-fiction D.B.Act.Division Bawana 06/05/2016 DBAD/PUB 595.00 339 DWI EN-98619 1 595.00 English Books
      Non-fiction Bawana Bawana 08/02/2017 BPPD/EN/2016-17/286/24.11.2016/4995/03.12.16/04.01.2017 595.00 339 DWI B-653969 1 595.00 English Books
      Non-fiction Bawana Bawana 08/02/2017 BPPD/EN/2016-17/286/24.11.2016/4995/03.12.16/04.01.2017 595.00 339 DWI B-653971 1 595.00 English Books
      Non-fiction Central Library Central Library 08/02/2017 BPPD/EN/2016-17/286/24.11.2016/4995/03.12.16/04.01.2017 595.00 339 DWI B-653963 1 595.00 English Books
      Non-fiction Janak Puri Janak Puri 08/02/2017 BPPD/EN/2016-17/286/24.11.2016/4995/03.12.16/04.01.2017 595.00 339 DWI B-653967 1 595.00 English Books
      Non-fiction Kasturba Gandhi Marg Kasturba Gandhi Marg 08/02/2017 BPPD/EN/2016-17/286/24.11.2016/4995/03.12.16/04.01.2017 595.00 339 DWI B-653966 1 595.00 English Books
      Non-fiction Katevara Katevara 28/02/2023 DBAD/PUB 595.00 339 DWI EN-119798 1 595.00 English Books
      Non-fiction Narela Narela 08/02/2017 BPPD/EN/2016-17/286/24.11.2016/4995/03.12.16/04.01.2017 595.00 339 DWI B-653970 1 595.00 English Books
      Non-fiction New Police Line New Police Line 08/02/2017 BPPD/EN/2016-17/286/24.11.2016/4995/03.12.16/04.01.2017 595.00 339 DWI B-653964 1 595.00 English Books
      Non-fiction Patel Nagar Patel Nagar 08/02/2017 BPPD/EN/2016-17/286/24.11.2016/4995/03.12.16/04.01.2017 595.00 339 DWI B-653965 1 595.00 English Books
      Non-fiction Sarojini Nagar Sarojini Nagar 08/02/2017 BPPD/EN/2016-17/286/24.11.2016/4995/03.12.16/04.01.2017 595.00 339 DWI B-653968 1 595.00 English Books
      Non-fiction Shahdara Branch Shahdara Branch 08/02/2017 BPPD/EN/2016-17/286/24.11.2016/4995/03.12.16/04.01.2017 595.00 339 DWI B-653972 1 595.00 English Books
      Non-fiction Yojana Vihar Yojana Vihar 08/02/2017 BPPD/EN/2016-17/286/24.11.2016/4995/03.12.16/04.01.2017 595.00 339 DWI B-653973 1 595.00 English Books

© Delhi Public Library
Hit Counter
free hit counter